Govt. of
Madhya Pradesh

सब झूठ है (Record no. 65075)

MARC details
000 -LEADER
fixed length control field 00375nam a2200109Ia 4500
008 - FIXED-LENGTH DATA ELEMENTS--GENERAL INFORMATION
fixed length control field 221009s9999 xx 000 0 und d
082 ## - DEWEY DECIMAL CLASSIFICATION NUMBER
Classification number 891.433/MIT/N
100 ## - MAIN ENTRY--PERSONAL NAME
Personal name मित्र ,विमल
9 (RLIN) 67295
245 #0 - TITLE STATEMENT
Title सब झूठ है
260 ## - PUBLICATION, DISTRIBUTION, ETC. (IMPRINT)
Name of publisher, distributor, etc. सजल पब्लिशर्स एण्‍ड डिस्‍ट्रीब्‍यूटर्स
942 ## - ADDED ENTRY ELEMENTS (KOHA)
Koha item type Books

No items available.